Madera quemada: cuentos

Guardat en:
Dades bibliogràfiques
Autor principal: Roa Bastos, Augusto (Autor)
Format: Llibre
Idioma:espanyol
Publicat: Santiago Universitaria 1967
Col·lecció:Colección Letras de América
Matèries:
Etiquetes: Afegir etiqueta
Sense etiquetes, Sigues el primer a etiquetar aquest registre!

MARC

LEADER 00000nam a2200000 a 4500
001 UCY7149
003 CL-VaPUC
008 950609e19670000CL |||||||||||||||||spa|d
082 0 4 |a Pa863  |b ROA  |2 21 
100 0 |a Roa Bastos, Augusto  |e author  |9 337424 
245 1 0 |a Madera quemada: cuentos 
300 |a 168 p 
942 |c BK 
945 |d 19950609 00:00:00  |a rbrito 
260 |a Santiago  |b Universitaria  |c 1967 
650 7 |a CUENTOS PARAGUAYOS  |2 CL-VaPUC  |9 337414 
583 |a last modification  |c 19950609 00:00:00  |k Rodrigo Vera 
490 0 |a Colección Letras de América 
999 |c 234586  |d 234584 
952 |0 0  |1 0  |4 0  |6 PA_863_000000000000000_ROA_1967  |7 0  |8 A  |9 241130  |a BIBART  |b BIBART  |d 2019-11-18  |i 2006928  |o Pa863 ROA 1967  |p 2006928  |r 2025-03-13  |w 2019-11-18  |y BK  |k ART